[Event "Scarborough CC LH Summer op"]
[Site "Toronto"]
[Date "2010.06.10"]
[Round "6"]
[White "Southam, David"]
[Black "Peng, Bill"]
[Result "1-0"]
[WhiteElo "2119"]
[BlackElo "2186"]
[PlyCount "103"]
[EventDate "2010.04.29"]
[EventType "swiss"]
[EventRounds "8"]
[EventCountry "CAN"]
[SourceTitle "EXT 2022"]
[Source "ChessBase"]
[SourceDate "2021.10.06"]
[SourceVersion "1"]
[SourceVersionDate "2021.10.06"]
[SourceQuality "1"]

1. d4 e6 2. c4 Nf6 3. Nc3 b6 4. e4 Bb4 5. Bd3 Bb7 6. f3 c5 7. d5 d6 8. Nge2 Nbd7 9. a3 Bxc3+ 10. Nxc3 Ne5 11. Be2 Ng6 12. 0-0 0-0 13. Be3 Re8 14. Qd2 exd5 15. cxd5 a6 16. a4 Rc8 17. b3 Re5 18. Bd3 Qe8 19. Rae1 h5 20. h3 h4 21. Bg5 Nh7 22. Be3 Nf6 23. f4 Nxe4 24. Bxe4 Rxe4 25. Nxe4 Qxe4 26. f5 Ne5 27. Bxc5 Qd3 28. Be3 Qxd2 29. Bxd2 Bxd5 30. Rc1 Re8 31. Rc3 Nd7 32. Re1 Rd8 33. Rd3 Nf6 34. Bg5 Bb7 35. Bxf6 gxf6 36. Re7 Bc8 37. Rd4 Bxf5 38. Rxh4 Be6 39. Rb4 d5 40. Rxb6 d4 41. Kf2 d3 42. Ke1 Bf5 43. Kd2 Rc8 44. Rxf6 Rc2+ 45. Kd1 Bg6 46. Rxg6+ fxg6 47. Re6 Rxg2 48. Rxa6 Rb2 49. Rb6 g5 50. a5 Kf7 51. a6 Ra2 52. b4 1-0

[Event "Scarborough CC-ch"]
[Site "Toronto"]
[Date "2010.04.08"]
[Round "7"]
[White "Yuan, Yuanling"]
[Black "Peng, Bill"]
[Result "1/2-1/2"]
[WhiteElo "2323"]
[BlackElo "2186"]
[PlyCount "74"]
[EventDate "2010.02.25"]
[EventType "tourn"]
[EventRounds "9"]
[EventCountry "CAN"]
[SourceTitle "EXT 2022"]
[Source "ChessBase"]
[SourceDate "2021.10.06"]
[SourceVersion "1"]
[SourceVersionDate "2021.10.06"]
[SourceQuality "1"]

1. e4 e6 2. d4 d5 3. Nc3 Nf6 4. e5 Nfd7 5. f4 c5 6. Nf3 Nc6 7. Be3 Be7 8. Qd2 a6 9. Be2 b5 10. 0-0 0-0 11. Nd1 cxd4 12. Nxd4 Nxd4 13. Bxd4 Nc5 14. Qe3 Qc7 15. b4 Ne4 16. c3 Bb7 17. Nf2 Rac8 18. Nxe4 dxe4 19. Bg4 h6 20. f5 Bg5 21. Qe1 f6 22. fxe6 fxe5 23. Bc5 Be7 24. Bxe7 Qxe7 25. Rf7 Qg5 26. Bh3 Bd5 27. Rd1 Bc4 28. Qxe4 Kh8 29. Rf3 Rce8 30. Qe3 Qxe3+ 31. Rxe3 Bxe6 32. Bxe6 Rxe6 33. Rd5 Rc8 34. Kf2 Rec6 35. Rdxe5 Rxc3 36. Re8+ Kh7 37. Rxc3 Rxc3 1/2-1/2

[Event "Scarborough CC-ch"]
[Site "Toronto"]
[Date "2010.04.01"]
[Round "6"]
[White "Peng, Bill"]
[Black "Casareno, Erwin"]
[Result "0-1"]
[WhiteElo "2186"]
[BlackElo "2181"]
[PlyCount "92"]
[EventDate "2010.02.25"]
[EventType "tourn"]
[EventRounds "9"]
[EventCountry "CAN"]
[SourceTitle "EXT 2022"]
[Source "ChessBase"]
[SourceDate "2021.10.06"]
[SourceVersion "1"]
[SourceVersionDate "2021.10.06"]
[SourceQuality "1"]

1. b3 e5 2. Bb2 Nc6 3. e3 d5 4. Bb5 Bd6 5. f4 Qe7 6. Nf3 Bg4 7. fxe5 Bxe5 8. Bxe5 Bxf3 9. Qxf3 Qxe5 10. 0-0 Nf6 11. Nc3 0-0 12. Bxc6 bxc6 13. Rae1 Rae8 14. Qf4 Qd6 15. d3 Re7 16. h3 Rfe8 17. Qf2 Nh5 18. e4 Ng3 19. Qxa7 Nxf1 20. Rxf1 Qb4 21. Nd1 dxe4 22. dxe4 Qxe4 23. Qf2 Qe2 24. Nc3 Qxf2+ 25. Rxf2 Re1+ 26. Rf1 R8e3 27. Kf2 Rxf1+ 28. Kxe3 Kf8 29. a4 Ke8 30. a5 Kd8 31. Ne4 Kc8 32. Kd4 Rf5 33. b4 Rd5+ 34. Kc4 f5 35. Nc5 g5 36. b5 Rd2 37. Kc3 Rd6 38. Kb4 cxb5 39. Kxb5 h5 40. c4 g4 41. hxg4 fxg4 42. Ne4 Rd4 43. Ng5 h4 44. a6 Kb8 45. c5 Rd5 46. Ne6 h3 0-1

[Event "Toronto Scarborough CC Falling Leaves"]
[Site "Toronto"]
[Date "2009.11.19"]
[Round "3"]
[White "Peng, Bill"]
[Black "Pedersen, Rune Linnebo"]
[Result "1/2-1/2"]
[WhiteElo "2142"]
[BlackElo "2383"]
[PlyCount "72"]
[EventDate "2009.11.05"]
[EventType "swiss"]
[EventRounds "7"]
[EventCountry "CAN"]
[SourceTitle "EXT 2011"]
[Source "ChessBase"]
[SourceDate "2010.11.26"]
[SourceVersion "1"]
[SourceVersionDate "2010.11.26"]
[SourceQuality "1"]

1. e4 c5 2. Nc3 Nc6 3. d3 g6 4. g3 Bg7 5. Bg2 d6 6. Be3 Rb8 7. Qd2 b5 8. Nge2 b4 9. Nd1 Bd7 10. c3 bxc3 11. bxc3 Qa5 12. f4 e6 13. 0-0 Nge7 14. Nb2 0-0 15. Nc4 Qc7 16. e5 d5 17. Bxc5 dxc4 18. Bd6 Qb6+ 19. d4 Qb2 20. Qd1 Rb7 21. Be4 Rfb8 22. Rb1 Qxb1 23. Bxb1 Rxb1 24. Qxb1 Rxb1 25. Rxb1 Nd5 26. Rb7 Bc8 27. Rb5 Bf8 28. Rc5 Nce7 29. Kf2 Nb6 30. Rc7 Ned5 31. Rxa7 Bd7 32. Bc5 Be8 33. Bxf8 Kxf8 34. Ke1 Bc6 35. Kd2 Na4 36. Ra6 Bb5 1/2-1/2

[Event "Toronto Howard Ridout op"]
[Site "Toronto"]
[Date "2009.10.01"]
[Round "4"]
[White "Southam, David"]
[Black "Peng, Bill"]
[Result "1-0"]
[WhiteElo "2146"]
[BlackElo "2141"]
[PlyCount "60"]
[EventDate "2009.09.10"]
[EventType "swiss"]
[EventRounds "8"]
[EventCountry "CAN"]
[SourceTitle "EXT 2011"]
[Source "ChessBase"]
[SourceDate "2010.11.26"]
[SourceVersion "1"]
[SourceVersionDate "2010.11.26"]
[SourceQuality "1"]

1. d4 Nf6 2. Nc3 g6 3. e4 d6 4. Bg5 Bg7 5. f4 0-0 6. Qd2 Nfd7 7. Nf3 c6 8. 0-0-0 b5 9. f5 gxf5 10. Bh6 e6 11. Bxg7 Kxg7 12. exf5 exf5 13. Bd3 Nb6 14. Ne2 Qf6 15. Rdf1 Nc4 16. Bxc4 bxc4 17. h3 Re8 18. Nf4 Kh8 19. Nh5 Qg6 20. Nf4 Qh6 21. g4 f6 22. Rfg1 Rg8 23. gxf5 Bxf5 24. Rxg8+ Kxg8 25. Rg1+ Kf7 26. d5 c5 27. Ne2 Qxd2+ 28. Nxd2 Na6 29. Nxc4 Rd8 30. Nf4 Nb4 1-0

[Event "Scarborough CC-ch reserves op"]
[Site "Toronto"]
[Date "2009.04.23"]
[Round "9"]
[White "Ferreira, Alex"]
[Black "Peng, Bill"]
[Result "0-1"]
[WhiteElo "2062"]
[BlackElo "1734"]
[PlyCount "77"]
[EventDate "2009.02.26"]
[EventType "swiss"]
[EventRounds "9"]
[EventCountry "CAN"]
[SourceTitle "EXT 2011"]
[Source "ChessBase"]
[SourceDate "2010.11.26"]
[SourceVersion "1"]
[SourceVersionDate "2010.11.26"]
[SourceQuality "1"]

1. Nc3 d5 2. e4 dxe4 3. Nxe4 Nc6 4. Nf3 Nf6 5. Nxf6+ exf6 6. d4 Bg4 7. c3 Bd6 8. Bb5 0-0 9. Be3 Ne7 10. h3 Bh5 11. Qc2 Bg6 12. Bd3 Qd7 13. Bxg6 Nxg6 14. 0-0 Rfe8 15. Nd2 f5 16. Nc4 f4 17. Nxd6 Qxd6 18. Bd2 f3 19. g3 Re2 20. Rae1 Rae8 21. Qd3 Qd5 22. c4 Ne5 23. Qxe2 fxe2 24. cxd5 Nf3+ 25. Kg2 exf1Q+ 26. Rxf1 Nxd2 27. Rc1 c6 28. dxc6 bxc6 29. Rxc6 g6 30. Rc7 a6 31. Rc6 Re6 32. Rc2 Ne4 33. Kf3 Ng5+ 34. Kg2 Rd6 35. Rc5 Ne6 36. Rc8+ Kg7 37. d5 Rxd5 38. Rc6 Ra5 39. a3 0-1